000 00719nam a22002057a 4500
999 _c18485
_d18485
003 AR-CdUCM
008 190514b ||||| |||| 00| 0 spa d
040 _aMUNICIPALIDAD PROVINCIAL DEL CUSCO
_cBIBLIOTECA MUNICIPAL DEL CUSCO
082 _a985.04 /
_bC962
100 _aCuba, Luis T.
_939103
245 _aNuestra lucha por un desarrollo integral y justo /
260 _aLima :
_bGráfica industrial,
_c1979.
300 _a102 páginas ;
_c24 cm.
505 _aContenido : 200 años de la lid integracionista de Tupac Amaru II -- 100 años de fraticida --
650 _aColonialismo histórico
_939104
650 _aFolklore andino
_939105
650 _aPacto andino
_939106
942 _2ddc
_cLIBROS
945 _arcc